| 000 | 01749nam a22002057a 4500 | ||
|---|---|---|---|
| 008 | 250217b |||||||| |||| 00| 0 eng d | ||
| 020 | _a9788417633943 | ||
| 040 | _ctbs | ||
| 041 | _aspa | ||
| 050 |
_aHF5548.85 _bV648 2019 |
||
| 100 |
_aVidal Lacosta, Víctor _924764 _eauthor |
||
| 245 |
_aEl estrés laboral _b: análisis y prevención _c/ Víctor Vidal Lacosta. |
||
| 250 | _aFirst edition. | ||
| 260 |
_aZaragoza, Spain : _bPrensas de la Universidad de Zaragoza, _c2019. |
||
| 300 |
_a174 pages : _billustrations, charts (some color) ; _c22 cm. |
||
| 520 | _aEl libro aborda un tema actual en el que se describe de una manera minuciosa el estrés, repasando su historia evolutiva, sus aspectos fisiológicos y su repercusión sobre el individuo. Se enumeran las distintas fuentes que originan el estrés laboral y las repercusiones que sobre la salud del trabajador tienen, así como las medidas de la empresa y del trabajador que se deben aplicar para impedirlo (la mejor arma, la prevención). | ||
| 520 | _aThis book delves into a highly relevant and timely topic: stress. Through a detailed analysis, it explores the evolutionary history of stress, its physiological aspects, and its impact on individuals. It identifies the various sources of work-related stress, examining their effects on employees' health and well-being. Additionally, it outlines preventive measures that both companies and workers can implement to mitigate stress, emphasizing that prevention is the most powerful tool. By providing a thorough exploration of stress and its consequences, this book serves as an essential resource for anyone looking to better understand and manage workplace stress effectively. | ||
| 650 | 0 |
_aJob stress _924545 |
|
| 942 | _2lcc | ||
| 999 |
_c4504 _d4504 |
||